| 000 | 02729nam a2200313 a 4500 | ||
|---|---|---|---|
| 001 | 991017784538807486 | ||
| 005 | 20260414151831.0 | ||
| 008 | 251119s2024 sp d gr 000 0 spa d | ||
| 020 | _a9788418636264 | ||
| 040 |
_aCO-BoBLA _bspa _cCO-BoBLA _erda |
||
| 041 | 0 | _aspa | |
| 082 | 0 | 4 |
_a636.089 / _bW424p |
| 100 |
_aWeinstein, Peter A. _eAutor _91102 |
||
| 245 | 1 | 1 |
_a¿Qué le pasa a mi centro veterinario? : _bsoluciones de gestión a problemas diarios / _cPeter A. Weinstein, Ignacio Mérida Isla. |
| 264 | 1 |
_aBarcelona : _bMultimédica Ediciones Veterinarias, _c2024. |
|
| 300 |
_a216 páginas : _bgráficos ; _c21 cm. |
||
| 336 |
_atexto _btxt _2rdacontent |
||
| 337 |
_asin mediación _bn _2rdamedia |
||
| 338 |
_avolumen _bnc _2rdacarrier |
||
| 505 | _aÍndice: Escenario 1. Caída transacciones. -- Escenario 2. Quejas en redes sociales. -- Escenario 3. Caída de mascotas tras cambio de dueño. -- Escenario 4. Alta rotación de personal. -- Escenario 5. Competición en el equipo. -- Escenario 6. Pérdida de clientes. -- Escenario 7. Divorcio de los dueños. -- Escenario 8. Personal descontento con salarios. -- Escenario 9. Caída de la medicina preventiva. -- Escenario 10. Sin crecimiento y beneficio estancado. -- Escenario 11. Crecimiento bajo. -- Escenario 12. Caída de ingresos por competencia de precios bajos. -- Escenario 13. Pérdida de clientes progresiva. -- Escenario 14. Ingresos sin crecimiento. -- Escenario 15. Quejas sobre el horario de trabajo. -- Escenario 16. Bajo beneficio y nada de descanso. -- Escenario 17. Clientes vienen, pero no repiten. -- Escenario 18. Desaparición subita del dueño. -- Escenario 19. Se sale tarde casi siempre. -- Escenario 20 El trabajo nunca se termina correctamente. | ||
| 520 | _aEsta obra constituye una guía práctica y estratégica dirigida a propietarios y gestores de clínicas veterinarias. A través de un análisis de las patologías empresariales más comunes, el autor aborda problemas cotidianos como la falta de rentabilidad, la gestión ineficiente del personal, la fijación de precios errónea y la comunicación deficiente con los clientes. El libro propone soluciones basadas en indicadores de rendimiento (KPIs) y herramientas de gestión empresarial adaptadas específicamente al sector veterinario, con el objetivo de transformar la clínica en un negocio sostenible y profesionalizado sin perder el enfoque en el bienestar animal. | ||
| 598 | _a1 | ||
| 650 | 0 |
_aAdministración veterinaria _2BLAAUTO _91104 |
|
| 650 | 0 |
_aAdministración de hospitales de animales _2BLAAUTO _91105 |
|
| 650 | 0 |
_aVeterinaria como profesión _2BLAAUTO _91106 |
|
| 700 | 2 |
_aMérida Isla, Ignacio _eAutor _91103 |
|
| 942 |
_cBK _n0 |
||
| 949 |
_an _bn |
||
| 999 |
_c37904 _d37904 |
||